| 000 | 02232nam0a2200373 4500 | ||
|---|---|---|---|
| 001 | RU\NLR\BIBL_A\012601846 | ||
| 005 | 20220627101509.0 | ||
| 010 |
_a978-5-9675-1809-6 _9100 |
||
| 021 |
_aRU _bКН-П-21-033419 _9КН-П-21-2609 |
||
| 035 | _a(NLR Aleph) 012601846 | ||
| 090 |
_a12584286 _c12584286 |
||
| 100 | _a20210924d2020 u y0rusy50 ca | ||
| 101 | 0 | _arus | |
| 102 | _aRU | ||
| 105 | _aa j 000yy | ||
| 181 | 0 |
_ai _baxxe |
|
| 182 | 0 | _an | |
| 200 | 1 |
_aИнформационные системы и технологии в логистике _eучебное пособие _fВ.И. Карпузова, К.В. Чернышева, Н.В. Карпузова, С.И. Афанасьева _gМинистерство сельского хозяйства Российской Федерации, Российский государственный аграрный университет - МСХА имени К.А. Тимирязева |
|
| 203 |
_aТекст _bвизуальный _cнепосредственный |
||
| 210 |
_aМосква _cРГАУ-МСХА имени К.А. Тимирязева _d2020 |
||
| 215 |
_a188, [1] с. _cил. _d21 |
||
| 320 | _aБиблиогр.: с. 177 (10 назв.) | ||
| 606 | 1 |
_aЛогистика _xИнформационные технологии _jУчебные издания для высших учебных заведений _2nlr_sh1 _2nlr_sh2 _3RU\NLR\AUTH\661337207 |
|
| 606 | 1 |
_aЛогистика _xИнформационные системы _jУчебные издания для высших учебных заведений _2nlr_sh2 _3RU\NLR\AUTH\661594785 |
|
| 686 | 1 | _aУ40(0)в611я73 | |
| 701 | 1 |
_aКарпузова _bВ. И. _gВера Ивановна |
|
| 701 | 1 |
_aЧернышева _bК. В. _cканд. экон. наук _gКира Владимировна _3RU\NLR\AUTH\7782042 |
|
| 701 | 1 |
_aКарпузова _bН. В. _gНадежда Васильевна |
|
| 701 | 1 |
_aАфанасьева _bС. И. _cканд. экон. наук _gСветлана Ильинична _3RU\NLR\AUTH\770235678 |
|
| 942 | _cBOOK | ||
| 980 | _aNBR | ||
| 980 | _aNB | ||